00793nas a2200229Ia 4500001001100000003000900011008004100020040001300061040001300074041001300087100004800100210001800148222001800166245008900184250001100273260002400284501008600308300001700394362004100411500007500452650003600527R002/39565IT-RoPAU151124c99999999xx |||||||||||| ||und|| aIT-RoPAU cIT-RoPAU aITALIANO aCosulich CallistogCodice Aut. SPICS: 7749 aBIANCO E NERO aBianco E Nero aBIANCO E NERO, ANNO 45-N.04-OTTOBRE/DICEMBRE 1984bOltre Le Sbarre: Con Provocazione a1a ed. aROMAbGREMESEc1984 bPaulus - SPICS - Società San Paolo EM (non-commercial uses only)cCopyright2015 a4 p. [11-14] aANNO 045, N.04-OTTOBRE/DICEMBRE 1984 aMostra Cinema Venezia 1984 Recensione-E-Scheda-Del-Film-Di-Uri-Barbash aCINEMAvPUBBLICAZIONE PERIODICA